Statystyki dla Wszystkie państwa świata po kształcie flagi

Kliknij tutaj aby rozwiązać quiz!

Ogólne statystyki

  • Ten quiz został rozwiązany 8 329 razy
  • Średni wynik to 110 z 196

Statystyki odpowiedzi

Odpowiedź% Poprawnych
Chiny
98%
Stany Zjednoczone
98%
Wielka Brytania
98%
Australia
97%
Francja
93%
Islandia
93%
Kanada
93%
Grecja
92%
Norwegia
91%
Dania
89%
Rosja
89%
Włochy
88%
Estonia
87%
Indie
87%
Niemcy
87%
Turcja
87%
Chorwacja
86%
Hiszpania
85%
Portugalia
85%
Ukraina
84%
Chile
83%
Indonezja
83%
Meksyk
83%
Nowa Zelandia
83%
Argentyna
82%
Malta
82%
Szwajcaria
82%
Kazachstan
81%
Wietnam
81%
Austria
80%
Belgia
80%
Korea Północna
80%
Japonia
79%
Szwecja
79%
Brazylia
78%
Izrael
78%
Jamajka
78%
Czechy
76%
Kuba
76%
Cypr
75%
Filipiny
75%
Polska
75%
Bangladesz
74%
Słowacja
74%
Finlandia
73%
Irlandia
73%
Panama
73%
Kolumbia
71%
Tajlandia
71%
Białoruś
70%
Czarnogóra
70%
Holandia
70%
Malezja
70%
Pakistan
70%
Albania
69%
Republika Południowej Afryki
69%
Serbia
69%
Bośnia i Hercegowina
68%
Bułgaria
68%
Iran
68%
Łotwa
68%
Luksemburg
68%
Słowenia
68%
Wenezuela
68%
Korea Południowa
67%
Kosowo
67%
Mołdawia
67%
Azerbejdżan
66%
Rumunia
65%
Uzbekistan
65%
Ekwador
64%
Gruzja
63%
Katar
63%
Węgry
62%
Egipt
61%
Laos
61%
Macedonia Północna
61%
Peru
61%
Tunezja
61%
Arabia Saudyjska
60%
Armenia
60%
Litwa
60%
Maroko
60%
Urugwaj
60%
Watykan
60%
Liban
59%
Mongolia
59%
Senegal
59%
Singapur
58%
Somalia
58%
Zjednoczone Emiraty Arabskie
58%
Haiti
57%
Irak
57%
Kostaryka
57%
Nigeria
57%
San Marino
57%
Liechtenstein
56%
Tajwan
56%
Andora
55%
Kamerun
55%
Kirgistan
55%
Syria
55%
Wybrzeże Kości Słoniowej
55%
Algieria
54%
Kambodża
53%
Kenia
53%
Turkmenistan
53%
Angola
52%
Demokratyczna Republika Konga
52%
Madagaskar
51%
Mjanma
51%
Papua-Nowa Gwinea
51%
Paragwaj
50%
Sri Lanka
50%
Afganistan
49%
Honduras
49%
Mali
49%
Bhutan
48%
Czad
48%
Dominikana
48%
Mozambik
48%
Nepal
48%
Zambia
48%
Kuwejt
47%
Etiopia
46%
Niger
46%
Tadżykistan
46%
Uganda
46%
Gabon
45%
Ghana
45%
Erytrea
44%
Liberia
44%
Seszele
44%
Bahamy
43%
Monako
43%
Oman
43%
Republika Środkowoafrykańska
43%
Libia
42%
Malawi
42%
Nikaragua
42%
Brunei
41%
Burkina Faso
41%
Gwatemala
41%
Salwador
41%
Barbados
40%
Botswana
40%
Bahrajn
39%
Benin
39%
Kongo
39%
Mauretania
39%
Jordania
38%
Sudan
38%
Tanzania
38%
Timor Wschodni
38%
Boliwia
37%
Dominika
37%
Gambia
37%
Jemen
37%
Namibia
37%
Saint Lucia
37%
Togo
37%
Gwinea
36%
Belize
35%
Eswatini
35%
Lesotho
35%
Trynidad i Tobago
35%
Palau
34%
Sudan Południowy
33%
Burundi
32%
Surinam
32%
Zimbabwe
32%
Dżibuti
31%
Gujana
31%
Nauru
31%
Antigua i Barbuda
30%
Fidżi
30%
Saint Kitts i Nevis
30%
Rwanda
29%
Samoa
29%
Sierra Leone
29%
Komory
28%
Mauritius
28%
Gwinea Bissau
27%
Gwinea Równikowa
25%
Grenada
24%
Mikronezja
24%
Saint Vincent i Grenadyny
24%
Wyspy Salomona
23%
Wyspy Marshalla
21%
Malediwy
20%
Vanuatu
20%
Kiribati
19%
Republika Zielonego Przylądka
19%
Tuvalu
17%
Tonga
16%
Wyspy Świętego Tomasza i Książeca
15%

Rozkład punktacji

Percentyl według liczby udzielonych odpowiedzi

Procent ludzi z każdym wynikiem

Twoja historia wyników

Nie rozwiązałeś tego quizu